• 首页
  • 本馆介绍
  • 公告通知
  • 最新文献
  • 馆藏检索
  • 电子资源
  • 读者导购
  • 参考咨询
  • 我的图书馆
  • 登录
  • 详细信息显示
  • 放入我的书架
  • 预约/预借图书
  • 作者相关作品
  • 分类相关作品
  • 丛书相关作品
  • 出版社相关作品

书目信息

  • 表格格式
  • 工作单格式
  • 卡片格式
题名:
清华园里可读书?
    
 
作者: 曾昭奋 著
分册:  
出版信息: 北京   生活·读书·新知三联书店  2013.10
页数: 430页
开本: 21cm
丛书名: 读书书系
单 册:
中图分类: I267.1 , TU-53
科图分类:
主题词: 随笔--作品集--中国--当代 , 建筑学--文集 , 随笔 , 建筑学
电子资源:
ISBN: 978-7-108-04497-6
000 00950oam2 2200313 450
001 012013152997
005 20140610084256.76
010    @a978-7-108-04497-6@dCNY36.00
100    @a20131218d2013 em y0chiy0110 ea
101 0  @achi
102    @aCN@b110000
105    @aabc z 000cy
106    @ar
200 1  @a清华园里可读书?@9qing hua yuan li ke du shu ?@f曾昭奋著
210    @a北京@c生活·读书·新知三联书店@d2013.10
215    @a430页@c图,地图,肖像@d21cm
225 2  @a读书书系
330    @a本书收录了第十二座雕像、清芬正气传当世、图书馆静悄悄、科学春秋、散步清华园、后摇篮曲、大楼与书桌等文章。
333    @a文学爱好者
461  0 @12001 @a读书书系
606 0  @a随笔@x作品集@y中国@z当代
606 0  @a建筑学@j文集
606 0  @a随笔
606 0  @a建筑学
690    @aI267.1@v5
690    @aTU-53@v5
701  0 @a曾昭奋@9zeng zhao fen@f(1935-)@4著
801  0 @aCN@b人天书店@c20131219
905    @b847109-12@dI267.1@e1524@f4
    
    清华园里可读书?/曾昭奋著.-北京:生活·读书·新知三联书店,2013.10
    430页:图,地图,肖像;21cm.-(读书书系)
    使用对象:文学爱好者
    
    ISBN 978-7-108-04497-6:CNY36.00
    本书收录了第十二座雕像、清芬正气传当世、图书馆静悄悄、科学春秋、散步清华园、后摇篮曲、大楼与书桌等文章。
●
相关链接 在E读中查询图书 在五车中查询图书 在当当中查询图书 在豆瓣中查询图书


正题名:清华园里可读书?     索取号:I267.1/1524         预约/预借

序号 登录号 条形码 馆藏地/架位号 状态 备注
1 847109   208471090   第一样本阅览室/ [索取号:I267.1/1524] 在馆    
2 847110   208471107   第二借阅区/ [索取号:I267.1/1524] 在馆    
3 847111   208471116   第二借阅区/ [索取号:I267.1/1524] 在馆    
4 847112   208471125   第二借阅区/ [索取号:I267.1/1524] 在馆    
唐山师范学院图书馆 欢迎您!
大连网信软件有限公司© 版权所有